| 000 | 00554nam a2200169Ia 4500 | ||
|---|---|---|---|
| 003 | GCL | ||
| 008 | 140319s9999 xx 000 0 ara d | ||
| 040 |
_aGCL / _cGCL |
||
| 082 | 0 | 4 |
_a923.2 _bر ج |
| 100 | 1 | _aرحاب خضر عكاوى | |
| 245 | 1 | 0 |
_aجمال الدين الافغانى حكيم الشرق ورسالته فى الرد على الدهريين / _cرحاب خضر عكاوى |
| 300 | _a288 | ||
| 490 |
_aكتاب _v0 |
||
| 650 | 0 | 4 | _aجمال الدين الافغانى |
| 650 | 0 | 4 | _aالسياسيون - تراجم |
| 942 |
_2ddc _cBK |
||
| 999 |
_c43144 _d43144 |
||